000 01195nam a22003497a 4500
003 CHAP
005 20220329134441.0
008 971013s1982 r 00010 d
010 _a20646
011 _a21618
035 _a25708
040 _cCHAP
090 _aTesis
100 0 0 _aAlvizo Villasana, Hector Felix.
_95042
245 _aIdentificación del virus mosaico de la calabaza en Cucurbita spp. y sus vectores
260 _aChapingo, Méx. :
_bEl autor,
_c1982
300 _a51 h.
_b: ilus. ; gráfs.
502 _aTesis (M.C. Esp. en Fitopatología) -- CP. Centro de Fitopatología
590 _aALEPH
_b10
_c20130110
_lUCH01
_h1244
590 _aBATCH-UPD
_b10
_c20130110
_lUCH01
_h1950
590 _aBATCH-UPD
_b10
_c20130410
_lUCH01
_h1312
590 _aCONVERSION
_b10
_c20130109
_lUCH01
_h1312
650 1 4 _aCalabaza
_xEnfermedades.
_917269
650 1 4 _aInsectos como vectores.
_958956
650 1 4 _aVirus del mosaico de la calabaza.
_9119952
901 _aBK
942 _cFOLL
949 _bBC
_cTES
_d-59328
_eTS1
_i25708
_si
949 _bBC
_cTES
_d-59329
_eTS2
_fc.2
_i25708
_si
949 _bBC
_cTES
_d-59330
_eTS2
_fc.3
_i25708
_si
949 _bBC
_cTES
_d-59331
_eTS2
_fc.4
_i25708
_si
999 _c20646
_d20646